|
|
|
|
| LEADER |
00678nam a22002052a 4500 |
| 001 |
000048274 |
| 003 |
CZ BrMZK |
| 005 |
19951201143423.0 |
| 008 |
951201s1966 gw f ger d |
| 040 |
|
|
|a BOA001
|b cze
|
| 100 |
1 |
|
|a Furtwängler, Wilhelm,
|d 1886-1954
|7 js20020520001
|
| 245 |
1 |
0 |
|a Ton und Wort :
|b aufsätze und Vorträge 1918 bis 1954 /
|c Wilhelm Furtwängler
|
| 250 |
|
|
|a 9.Aufl.
|
| 260 |
|
|
|a Wiesbaden :
|b F.A. Brockhaus,
|c 1966
|
| 300 |
|
|
|a 275 s.
|
| 910 |
|
|
|a BOA001
|b PK-0113.796
|
| 964 |
|
|
|a Hudba - studie
|
| 964 |
|
|
|a Hudebníci významní - studie
|
| 990 |
|
|
|a BK
|
| 996 |
7 |
|
|b 3119981324
|c PK-0113.796
|l MZK
|r Sklad / do 1 hodiny
|n 2
|w 000048274
|u 000010
|a 1
|e BOA001
|j MZK50
|s A
|